000 00363nam a2200145Ia 4500
008 230711s9999||||xx |||||||||||||| ||und||
041 _aENG
082 _a621
_bCL-D
100 _aClough,Ray W
245 0 _aDynamics of structure
250 _a1st . Ed.
260 _c1982
_aNew York
_bTata McGraw Hill Education Limited
650 _aCivil Engineering
942 _cBK
999 _c419
_d419